| 000 | 00537cam a2200205ua 4500 | ||
|---|---|---|---|
| 001 | 6229 | ||
| 005 | 20260515114021.0 | ||
| 008 | 131123n ii |||gr||||Z||||||asm | ||
| 040 | _cMAIN | ||
| 082 | _a510 | ||
| 245 |
_aUchhatar Madhyamic Ganit _cBy Mahendra nath barua |
||
| 260 |
_aGuwahati: _bArun prakashan, _c1998. |
||
| 300 | _aviii,112p. | ||
| 653 | _aCommerce | ||
| 653 | _aGanit | ||
| 700 |
_aBarua,Mahendra Nath, _eAuthor., |
||
| 700 | 1 |
_aMena,Bhabendra nath, _eAuthor. |
|
| 700 | 1 |
_aDutta,Tarini kumar, _eAuthor. |
|
| 942 | _cBK | ||
| 999 |
_c5376 _d5376 |
||